|
|
|
|
| LEADER |
01463nam a2200337 a 4500 |
| 001 |
35606 |
| 003 |
BD-DhAAL |
| 005 |
20211205131154.0 |
| 008 |
191411t2003 enka | 001 0 eng d |
| 999 |
|
|
|c 41819
|d 41819
|
| 020 |
|
|
|a 0761947493 (pbk.)
|
| 020 |
|
|
|a 0761947485
|
| 020 |
|
|
|a 9781446216347 (ebook) :
|
| 035 |
|
|
|a (StDuBDS)EDZ0000067578
|
| 040 |
|
|
|a StDuBDS
|c StDuBDS
|e pn
|d BD-DhAAL
|
| 050 |
|
0 |
|a LB2805
|b .G75 2003
|
| 082 |
0 |
4 |
|a 371.2011
|2 23
|
| 100 |
1 |
|
|a Gronn, Peter.
|9 37135
|
| 245 |
1 |
4 |
|a The new work of educational leaders :
|b changing leadership practice in an era of school reform /
|c Peter Gronn.
|
| 260 |
|
|
|a London :
|b Paul Chapman,
|c 2003.
|
| 300 |
|
|
|a ix, 176 pages :
|b illustrations ;
|c 23 cm.
|
| 504 |
|
|
|a Includes bibliographical references and index.
|
| 520 |
8 |
|
|a Peter Gronn provides a new framework for understanding leadership practice. The work of leaders will increasingly be shaped by three over-riding themes; design, distribution and disengagement.
|
| 526 |
|
|
|a BIED
|
| 541 |
|
|
|a Complimentary copy from BIED
|e 35606
|
| 650 |
|
0 |
|a Educational leadership.
|9 37136
|
| 650 |
|
0 |
|a Leadership
|9 37137
|
| 650 |
|
0 |
|a Social science
|9 37138
|
| 852 |
|
|
|a Ayesha Abed Library
|c BIED Collection
|
| 942 |
|
|
|2 ddc
|c BK
|
| 952 |
|
|
|0 0
|1 0
|2 ddc
|4 0
|6 371_201100000000000_GRO
|7 0
|9 67145
|a BRACUL
|b BRACUL
|c GEN
|d 2019-11-14
|e Complimentary copy from BIED
|l 0
|o 371.2011 GRO
|p 3010035606
|r 2019-11-14
|t 1
|w 2019-11-14
|y BK
|x Transferred from BIED to General Stacks
|